President Pratibha Patil : (Record no. 2902)

MARC details
000 -LEADER
fixed length control field 00510cam a2200193ua 4500
001 - CONTROL NUMBER
control field 3057
005 - DATE AND TIME OF LATEST TRANSACTION
control field 20260515113627.0
008 - FIXED-LENGTH DATA ELEMENTS--GENERAL INFORMATION
fixed length control field 110926n ii |||gr||||Z||||||eng
040 ## - CATALOGING SOURCE
Transcribing agency MAIN
082 ## - DEWEY DECIMAL CLASSIFICATION NUMBER
Classification number 920
100 1# - MAIN ENTRY--PERSONAL NAME
Personal name Singh, Ritu,
245 11 - TITLE STATEMENT
Title President Pratibha Patil :
Remainder of title india`s first woman president /
Statement of responsibility, etc. by Ritu Singh
250 ## - EDITION STATEMENT
Edition statement 1st.
260 ## - PUBLICATION, DISTRIBUTION, ETC.
Place of publication, distribution, etc. Delhi:
Name of publisher, distributor, etc. Rajpal & sons,
Date of publication, distribution, etc. 2007.
300 ## - PHYSICAL DESCRIPTION
Extent 111p:
Dimensions 23cm.
653 ## - INDEX TERM--UNCONTROLLED
Uncontrolled term Biography
653 ## - INDEX TERM--UNCONTROLLED
Uncontrolled term Biography of President Pratibha Patil
942 ## - ADDED ENTRY ELEMENTS (KOHA)
Koha item type Books
Holdings
Withdrawn status Lost status Damaged status Not for loan Home library Current library Shelving location Date acquired Total checkouts Full call number Barcode Date last seen Copy number Price effective from Koha item type
        Naharkatiya College Library Naharkatiya College Library General stacks 09/19/2020   920 | SIN 17833 09/19/2020 1 09/19/2020 Books